| 000 | 00414nam a2200157Ia 4500 | ||
|---|---|---|---|
| 008 | 230524s9999 xx 000 0 und d | ||
| 082 |
_a406.3 _bGOV |
||
| 100 |
_aB.Govindarajalu _910345 |
||
| 245 | 0 | _a"IBM PC and Clones (Hardware, Troubleshooting and maintenance" | |
| 250 | _a2ND | ||
| 260 |
_aNEW DELHI _bTMH _c1998 |
||
| 300 | _aXXIV;732 | ||
| 500 | _aQuantity Number: 1 | ||
| 650 | _aComp-Sc | ||
| 942 | _cBK | ||
| 999 |
_c14291 _d14291 |
||